Normal view
MARC view
Entry Topical Term
001 - CONTROL NUMBER
- control field: 16549
003 - CONTROL NUMBER IDENTIFIER
- control field: HDC
005 - DATE AND TIME OF LATEST TRANSACTION
- control field: 20230624073502.0
008 - FIXED-LENGTH DATA ELEMENTS
- fixed length control field: 210222|| aca||aabn | a|a d
040 ## - CATALOGING SOURCE
- Original cataloging agency: HDC
- Transcribing agency: HDC
150 ## - HEADING--TOPICAL TERM
- Topical term or geographic name entry element: quality and excellence
670 ## - SOURCE DATA FOUND
- Source citation: Work cat.: (HDC): Azreen Hani author 16548, Malaysia: Halal’s the way as a symbol of quality and excellence, says PM / by, 2010
